000 00704nam a22002177a 4500
003 UA-OsUOA
001 53344
007 ta
008 20080331b un ||||| |||| 00| 0 ukr d
100 _aКононенко В.І.
090 _a81
_bК-12
942 _cSA
040 _aUA-OsUOA
_bukr
_cUA-OsUOA
_dUA-OsUOA
245 _aФункціонально-комунікативні аспекти академічного тлумачного словника української мови
300 _aС.3-12
955 _a0
041 _aukr
080 _a81
773 0 _w53343
650 7 _a8 Мовознавство. Художня література. Літературознавство
_2UDC
999 _c339432
_d339432